| 000 | 00813nam a2200253 i 4500 | ||
|---|---|---|---|
| 003 | DO-SdBNP | ||
| 005 | 20240130080243.0 | ||
| 007 | ta | ||
| 008 | 110413s1989 dr 000 0 spa d | ||
| 040 |
_aDO-SdBNP _bspa _cBNPHU _erda |
||
| 082 |
_bR696 _222 |
||
| 100 |
_aRodríguez, Rafael Augusto _955135 |
||
| 245 | 1 | 3 |
_aLa deuda / _cRafael Augusto Rodriguez |
| 264 | 1 |
_a[Santo Domingo] : _b[editor no identificado], _c1989. |
|
| 300 |
_a41 páginas _c21 cm. |
||
| 336 |
_2rdacontent _atexto _btxt |
||
| 337 |
_2rdamedia _asin mediación _bn |
||
| 338 |
_2rdacarrier _avolumen _bnc |
||
| 500 | _aIncluye datos biografícos del autor en la contraportada. | ||
| 500 | _aUn relato dramático sobre la vida de la mujer campesina. | ||
| 590 | _aInventariado, 2024/ YL | ||
| 910 | _aYLockward | ||
| 942 |
_2ddc _cLF2 |
||
| 999 |
_c55743 _d55743 |
||